00845nam a2200265 a 450000100060000000300080000600500170001400800410003102000320007203500190010404000280012304100080015108200260015910000590018524500860024425000120033026000580034230000340040050000220043450400300045665000220048665000230050865000250053170000230055666222BD-RjUL20211209081519.0841120s1985 enka b 001 0 eng c a0192614096 (pbk.) :c$24.95 a(BD-RjUL)66352 aDNLM/DLCcDLCdDLCbeng aeng00223a616.042bROI 19851 aRoberts, J. A. Fraserq(John Alexander Fraser),d1899-13aAn introduction to medical genetics /cJ.A. Fraser Roberts and Marcus E. Pembrey. a8th ed. aOxford ;aNew York :bOxford University Press,c1985. axvi, 394 p. :bill. ;c24 cm. aIncludes indexes. aBibliography: p. 370-381. 0aMedical genetics. 2aGenetics, Medical. 2aHereditary Diseases.1 aPembrey, Marcus E.